000 00668nac a22001691u 4500
020 _a0415267420
082 _a291.13
_bJUN
090 _c9007
_d9007
100 _aJung, C. G.
245 _ascience of mythology:
_bEssays on the myth of the divine child and the mysteries of Elusis/
_cC. G. Jung and C. Kerenyi; translated by R. F. C. Hull
260 _aLondon:
_bRoutledge,1963
_c1963
300 _a230p.;
_c20 cm.
500 _adistributer: Scientific home bookshop
511 _acatalogued by: wessam
650 _aMythology
942 _cBB
_k291.13JUN
999 _c9007
_d9007